[Event "La Pobla de Lillet op-A"]
[Site "La Pobla de Lillet"]
[Date "2022.08.03"]
[Round "2"]
[White "Fortuny Profitos, Jordi"]
[Black "Martinez Pla, Xavier"]
[Result "1/2-1/2"]
[WhiteElo "2082"]
[BlackElo "2310"]
[PlyCount "21"]
[EventDate "2022.08.02"]
[EventType "swiss"]
[EventRounds "9"]
[EventCountry "ESP"]
[SourceTitle "CBM 209 Extra"]
[Source "ChessBase"]
[SourceDate "2022.09.30"]
[SourceVersion "1"]
[SourceVersionDate "2022.09.30"]
[SourceQuality "1"]

1. e4 e5 2. Nf3 Nf6 3. Nxe5 d6 4. Nf3 Nxe4 5. Qe2 Qe7 6. Nc3 Nxc3 7. dxc3 Nc6 8. Qxe7+ Bxe7 9. Bf4 0-0 10. h3 h6 11. 0-0-0 1/2-1/2

[Event "Barcelona Tres Peons"]
[Site "Barcelona"]
[Date "2021.09.20"]
[Round "1"]
[White "Perez Pastora, Evaristo"]
[Black "Fortuny Profitos, Jordi"]
[Result "1/2-1/2"]
[WhiteElo "2104"]
[BlackElo "1984"]
[PlyCount "91"]
[EventDate "2021.09.20"]
[EventType "tourn"]
[EventRounds "9"]
[EventCountry "ESP"]
[SourceTitle "EXT 2023"]
[Source "ChessBase"]
[SourceDate "2022.10.05"]
[SourceVersion "1"]
[SourceVersionDate "2022.10.05"]
[SourceQuality "1"]

1. e4 c5 2. Nf3 e6 3. d4 cxd4 4. Nxd4 Nc6 5. Nxc6 dxc6 6. Bd3 e5 7. 0-0 Bc5 8. Nd2 Ne7 9. Qh5 Ng6 10. Nf3 Qc7 11. Bc4 Be7 12. Ng5 Bxg5 13. Bxg5 h6 14. Be3 Nf4 15. Bxf4 exf4 16. Rad1 0-0 17. e5 Re8 18. Rd6 Be6 19. Bxe6 Rxe6 20. Rfd1 Qe7 21. Rd7 Qe8 22. h3 Rxe5 23. Qf3 Re1+ 24. Rxe1 Qxe1+ 25. Kh2 Qb4 26. b3 Re8 27. c3 Qe4 28. Qxe4 Rxe4 29. Rxb7 a5 30. Ra7 Re5 31. Ra6 Rc5 32. c4 Kf8 33. Kg1 Ke7 34. Kf1 g5 35. Ke2 Kd6 36. Kd3 Re5 37. Kd2 h5 38. Ra7 f6 39. f3 Ke6 40. Rh7 h4 41. Ra7 Kd6 42. Rf7 Ke6 43. Rf8 Ke7 44. Ra8 Kd7 45. Rb8 Ke7 46. Rb7+ 1/2-1/2

[Event "Barcelona Tres Peons op 22nd"]
[Site "Barcelona"]
[Date "2020.01.29"]
[Round "4"]
[White "Cabot Muntane, Jordi"]
[Black "Fortuny Profitos, Jordi"]
[Result "1/2-1/2"]
[WhiteElo "1814"]
[BlackElo "1869"]
[PlyCount "36"]
[EventDate "2020.01.08"]
[EventType "swiss"]
[EventRounds "9"]
[EventCountry "ESP"]
[SourceTitle "CBM 195 Extra"]
[Source "ChessBase"]
[SourceDate "2020.05.31"]
[SourceVersion "1"]
[SourceVersionDate "2020.05.31"]
[SourceQuality "1"]

1. d4 Nf6 2. Nf3 g6 3. Bf4 Bg7 4. h3 d6 5. e3 0-0 6. Nbd2 c5 7. c3 Qb6 8. Qb3 Be6 9. Qxb6 axb6 10. a3 d5 11. Bd3 c4 12. Bc2 Bf5 13. Bxf5 gxf5 14. Ne5 Nbd7 15. g4 Nxe5 16. Bxe5 fxg4 17. hxg4 Nd7 18. Bxg7 Kxg7 1/2-1/2

[Event "Vallfogona rapid op 21st"]
[Site "Vallfogona de Balaguer"]
[Date "2013.09.21"]
[Round "1"]
[White "Fortuny Profitos, Jordi"]
[Black "Movsziszian, Karen"]
[Result "0-1"]
[WhiteElo "1810"]
[BlackElo "2503"]
[PlyCount "64"]
[EventDate "2013.09.21"]
[EventType "swiss (rapid)"]
[EventRounds "11"]
[EventCountry "ESP"]
[SourceTitle "CBM 156 Extra"]
[Source "ChessBase"]
[SourceDate "2013.10.22"]
[SourceVersion "1"]
[SourceVersionDate "2013.10.22"]
[SourceQuality "1"]

1. d4 d6 2. Nf3 Nf6 3. c4 g6 4. Nc3 Bg7 5. Bf4 0-0 6. e3 Nc6 7. h3 Nd7 8. Bh2 e5 9. dxe5 dxe5 10. Be2 f5 11. 0-0 Kh8 12. Qc2 e4 13. Nd2 Nce5 14. Nd5 g5 15. c5 c6 16. Nc3 Nxc5 17. Nc4 Qe7 18. b4 Ncd7 19. Bxe5 Bxe5 20. Nxe5 Qxe5 21. Rac1 Nf6 22. b5 c5 23. b6 axb6 24. Na4 Be6 25. Bc4 Ra6 26. Rfd1 Bxc4 27. Qxc4 f4 28. Rb1 fxe3 29. fxe3 g4 30. Nxb6 gxh3 31. Nd7 Qg3 32. Qe2 Ng4 0-1

[Event "Balaguer op 17th"]
[Site "Balaguer"]
[Date "2012.06.21"]
[Round "6"]
[White "Quintas Galeano, Lluis"]
[Black "Fortuny Profitos, Jordi"]
[Result "1-0"]
[WhiteElo "2148"]
[BlackElo "1769"]
[PlyCount "49"]
[EventDate "2012.06.16"]
[EventType "swiss"]
[EventRounds "9"]
[EventCountry "ESP"]
[SourceTitle "EXT 2013"]
[Source "ChessBase"]
[SourceDate "2012.11.22"]
[SourceVersion "1"]
[SourceVersionDate "2012.11.22"]
[SourceQuality "1"]

1. e4 e5 2. Nf3 Nf6 3. Nxe5 d6 4. Nf3 Nxe4 5. Nc3 Nxc3 6. dxc3 Nc6 7. Bf4 Bg4 8. h3 Bh5 9. Qd5 Bxf3 10. Qxf3 a6 11. Bc4 Qd7 12. 0-0 Be7 13. Rfe1 0-0 14. Re3 Bf6 15. Bd5 Rfe8 16. Be4 Ne5 17. Bxe5 Rxe5 18. Bxb7 Rxe3 19. Qxe3 Re8 20. Qf3 Qb5 21. Rb1 Re2 22. Be4 Rd2 23. Bd3 Qb8 24. Qe3 Bxc3 25. Re1 1-0

[Event "Balaguer op 17th"]
[Site "Balaguer"]
[Date "2012.06.18"]
[Round "3"]
[White "Gutierrez Martos, Ferran"]
[Black "Fortuny Profitos, Jordi"]
[Result "1-0"]
[WhiteElo "2038"]
[BlackElo "1769"]
[PlyCount "121"]
[EventDate "2012.06.16"]
[EventType "swiss"]
[EventRounds "9"]
[EventCountry "ESP"]
[SourceTitle "EXT 2013"]
[Source "ChessBase"]
[SourceDate "2012.11.22"]
[SourceVersion "1"]
[SourceVersionDate "2012.11.22"]
[SourceQuality "1"]

1. c4 Nf6 2. g3 g6 3. Bg2 Bg7 4. Nc3 d6 5. e4 e5 6. Nge2 Be6 7. d3 Qd7 8. h3 Nc6 9. Nd5 h6 10. Be3 Ne7 11. Qd2 c6 12. Nxf6+ Bxf6 13. Bxh6 Ng8 14. Bg5 Bxg5 15. Qxg5 Rh5 16. Qe3 Bxh3 17. Bf3 Bg4 18. Rxh5 Bxh5 19. Bxh5 gxh5 20. 0-0-0 Qg4 21. Rh1 Kd7 22. Rh4 Qg6 23. Kc2 Nf6 24. f3 c5 25. Qd2 a5 26. Qc1 Nh7 27. Qh1 Nf6 28. Qh3+ Kc6 29. f4 Rg8 30. Qh1 Rh8 31. Qe1 Ra8 32. fxe5 dxe5 33. Nc3 Rg8 34. Ne2 b6 35. Qf2 Ng4 36. Qf3 Qf6 37. Qxf6+ Nxf6 38. Rh1 Kd6 39. Kd2 Nd7 40. Rxh5 Nf6 41. Rf5 Ke6 42. Ke3 Ng4+ 43. Kf3 Nh2+ 44. Kg2 Ng4 45. Rh5 Nf6 46. Rh6 Rg6 47. Rh1 Nd7 48. Rh8 Ke7 49. Nc3 Nf8 50. Nd5+ Ke8 51. Ne3 f6 52. Nd5 Kf7 53. Kf2 Kg7 54. Rh4 Nd7 55. Ne7 Rg5 56. Nf5+ Kg6 57. Rh8 Rh5 58. Rd8 Rh2+ 59. Kf3 Rxb2 60. Rxd7 Kh5 61. Rg7 1-0

[Event "Balaguer op 17th"]
[Site "Balaguer"]
[Date "2012.06.16"]
[Round "1"]
[White "Ruiz Sanchez, Orlen"]
[Black "Fortuny Profitos, Jordi"]
[Result "1-0"]
[WhiteElo "2416"]
[BlackElo "1769"]
[PlyCount "69"]
[EventDate "2012.06.16"]
[EventType "swiss"]
[EventRounds "9"]
[EventCountry "ESP"]
[SourceTitle "EXT 2013"]
[Source "ChessBase"]
[SourceDate "2012.11.22"]
[SourceVersion "1"]
[SourceVersionDate "2012.11.22"]
[SourceQuality "1"]

1. e4 e5 2. Nf3 Nf6 3. Nxe5 d6 4. Nc4 Nxe4 5. Nc3 Nxc3 6. bxc3 d5 7. Ne3 c6 8. d4 Bd6 9. Bd3 Nd7 10. Nf5 0-0 11. Qg4 g6 12. Nxd6 Qe7+ 13. Qe2 Qxd6 14. Bh6 Rd8 15. 0-0 Nf6 16. Rfe1 Be6 17. Bg5 Ng4 18. f4 Re8 19. h3 f6 20. Bh4 Nh6 21. Bxf6 Qxf4 22. Rf1 Qd6 23. Qd2 Nf7 24. Rf3 c5 25. dxc5 Qxc5+ 26. Bd4 Qc7 27. Raf1 Rf8 28. Rf6 Bxh3 29. gxh3 Qg3+ 30. Qg2 Qxg2+ 31. Kxg2 b6 32. Bxg6 hxg6 33. Rxg6+ Kh7 34. Rg7+ Kh6 35. Rfxf7 1-0

[Event "Catalunya-ch U16"]
[Site "Vila Seca"]
[Date "2012.04.01"]
[Round "2"]
[White "Fortuny Profitos, Jordi"]
[Black "Ruiz Font, Elisabet"]
[Result "0-1"]
[WhiteElo "1771"]
[BlackElo "2016"]
[PlyCount "110"]
[EventDate "2012.03.31"]
[EventType "swiss"]
[EventRounds "9"]
[EventCountry "ESP"]
[SourceTitle "EXT 2015"]
[Source "ChessBase"]
[SourceDate "2014.11.20"]
[SourceVersion "1"]
[SourceVersionDate "2014.11.20"]
[SourceQuality "1"]

1. e4 c5 2. Nf3 g6 3. d4 cxd4 4. Nxd4 Nc6 5. c4 Nf6 6. Nc3 d6 7. Be2 Nxd4 8. Qxd4 Bg7 9. Be3 0-0 10. Qd2 Be6 11. Rc1 Qa5 12. 0-0 Rfc8 13. Nd5 Qxd2 14. Bxd2 Bxd5 15. exd5 Ne4 16. Rc2 a5 17. Rb1 b5 18. Be3 b4 19. f3 Nc5 20. Bxc5 Rxc5 21. Kf1 Rac8 22. b3 Rxd5 23. Rbc1 Rdc5 24. f4 a4 25. Rb1 a3 26. Rd2 Bh6 27. g3 g5 28. Bg4 R8c7 29. f5 Bg7 30. Rbd1 h5 31. Bxh5 Rxf5+ 32. Rf2 Rcc5 33. Rdd2 Bc3 34. Rxf5 Rxf5+ 35. Rf2 Rxf2+ 36. Kxf2 e6 37. Bf3 Bd4+ 38. Ke2 f5 39. h3 Kg7 40. g4 Kf6 41. Kd3 Bc5 42. Be2 Ke5 43. gxf5 exf5 44. Bf1 Kf4 45. Ke2 Kg3 46. Kd3 f4 47. Ke2 f3+ 48. Ke1 Bf2+ 49. Kd2 Bd4 50. Ke1 Bc3+ 51. Kd1 Kh2 52. Bd3 Kxh3 53. Bf5+ Kg2 54. Be4 g4 55. Kc2 Kf2 0-1

[Event "Lleida-ch U16"]
[Site "Vilanova de Segria"]
[Date "2012.02.04"]
[Round "4.1"]
[White "Fortuny Profitos, Jordi"]
[Black "Perez Cabas, Jose"]
[Result "1/2-1/2"]
[WhiteElo "1751"]
[BlackElo "1980"]
[PlyCount "67"]
[EventDate "2012.01.14"]
[EventType "swiss"]
[EventRounds "6"]
[EventCountry "ESP"]
[SourceTitle "EXT 2024"]
[Source "ChessBase"]
[SourceDate "2023.10.10"]
[SourceVersion "1"]
[SourceVersionDate "2023.10.10"]
[SourceQuality "1"]

1. e4 c5 2. Nf3 e6 3. d4 cxd4 4. Nxd4 Nc6 5. Nc3 Qc7 6. Be3 Nf6 7. f3 a6 8. Qd2 Bb4 9. 0-0-0 Ne7 10. Nde2 b5 11. g4 h6 12. h4 Ba5 13. Qd3 Ng6 14. Bd4 Bb7 15. Kb1 Bc6 16. h5 Ne5 17. Bxe5 Qxe5 18. f4 Qc7 19. g5 hxg5 20. fxg5 Nxh5 21. Qf3 g6 22. Nf4 0-0-0 23. Nxh5 Rxh5 24. Rxh5 gxh5 25. Qxf7 Bxc3 26. bxc3 Bxe4 27. Bd3 Qxc3 28. g6 Bxd3 29. Rxd3 Qb4+ 30. Kc1 Qf8 31. Qh7 Qh8 32. Qe7 Qf8 33. Qh7 Qh8 34. Qe7 1/2-1/2

[Event "Balaguer op 16th "]
[Site "Balaguer"]
[Date "2011.07.23"]
[Round "7"]
[White "Guadamuro Torrente, Anabel"]
[Black "Fortuny Profitos, Jordi"]
[Result "1-0"]
[WhiteElo "2177"]
[BlackElo "1715"]
[PlyCount "59"]
[EventDate "2011.07.17"]
[EventType "swiss"]
[EventRounds "9"]
[EventCountry "ESP"]
[SourceTitle "CBM 143 Extra"]
[Source "ChessBase"]
[SourceDate "2011.08.29"]
[SourceVersion "1"]
[SourceVersionDate "2011.08.29"]
[SourceQuality "1"]

1. e4 d6 2. d4 Nf6 3. Nc3 e5 4. Nf3 Nbd7 5. Bc4 Be7 6. 0-0 c6 7. a4 b6 8. Qe2 a6 9. Rd1 Qc7 10. dxe5 dxe5 11. Ng5 0-0 12. Bxf7+ Kh8 13. Ne6 Qb7 14. Nxf8 Nxf8 15. h3 Be6 16. Bxe6 Nxe6 17. Be3 Bc5 18. Qc4 Nd4 19. b4 Bxb4 20. Qxb4 Nxc2 21. Qxb6 Qxb6 22. Bxb6 Nxa1 23. Rxa1 Nd7 24. a5 Kg8 25. Rd1 Nf8 26. Na4 Ne6 27. Rd6 Nd4 28. Bxd4 exd4 29. Rxd4 Rc8 30. Nb6 1-0

[Event "Balaguer op 16th "]
[Site "Balaguer"]
[Date "2011.07.17"]
[Round "1"]
[White "Kovacevic, Slobodan"]
[Black "Fortuny Profitos, Jordi"]
[Result "1-0"]
[WhiteElo "2325"]
[BlackElo "1715"]
[PlyCount "49"]
[EventDate "2011.07.17"]
[EventType "swiss"]
[EventRounds "9"]
[EventCountry "ESP"]
[SourceTitle "EXT 2012"]
[Source "ChessBase"]
[SourceDate "2011.11.24"]
[SourceVersion "1"]
[SourceVersionDate "2011.11.24"]
[SourceQuality "1"]

1. d4 Nf6 2. Nf3 d5 3. Bf4 Bf5 4. e3 e6 5. c4 Bxb1 6. Qxb1 Bb4+ 7. Kd1 0-0 8. c5 c6 9. Bd3 Nbd7 10. Qc2 Re8 11. Qb3 Qa5 12. a3 Ne4 13. Qxb4 Qxb4 14. axb4 Nxf2+ 15. Ke2 Nxh1 16. Rxh1 a5 17. b5 a4 18. Ra1 Rec8 19. Ra3 Ra5 20. b4 Raa8 21. b6 Nf6 22. h3 Ne4 23. Bxe4 dxe4 24. Nd2 f5 25. Nc4 1-0